000 00383nam a22001457a 4500
005 20171025095519.0
008 171025b xxu||||| |||| 00| 0 eng d
041 _aeng
082 _a658.15
100 _aKALRA, CA. ASHISH
_93985
245 _aSYSTEMATIC THEORY ON COSTING AND FINANCIAL MANAGEMENT
_cCA. ASHISH KALRA
260 _aNEW DELHI
_bIGP
300 _a70p, iv.
942 _cBK
999 _c5624
_d5622